Birds ; [and], Lysistrata ; [and], Assembly-women ; [and], Wealth : (Record no. 284)
[ view plain ]
| 000 -LEADER | |
|---|---|
| fixed length control field | 00812cam a22002417a 4500 |
| 001 - CONTROL NUMBER | |
| control field | 2894387 |
| 005 - DATE AND TIME OF LATEST TRANSACTION | |
| control field | 20200421093825.0 |
| 008 - FIXED-LENGTH DATA ELEMENTS--GENERAL INFORMATION | |
| fixed length control field | 000407s1998 enk 000 0 eng d |
| 020 ## - INTERNATIONAL STANDARD BOOK NUMBER | |
| International Standard Book Number | 0192824082 |
| 100 0# - MAIN ENTRY--PERSONAL NAME | |
| Personal name | Aristophanes. |
| 240 10 - UNIFORM TITLE | |
| Uniform title | Selections. |
| Language of a work | English |
| 245 10 - TITLE STATEMENT | |
| Title | Birds ; [and], Lysistrata ; [and], Assembly-women ; [and], Wealth : |
| Remainder of title | translated with an introduction and notes / |
| Statement of responsibility, etc. | by Stephen Halliwell. |
| 260 ## - PUBLICATION, DISTRIBUTION, ETC. | |
| Place of publication, distribution, etc. | Oxford : |
| Name of publisher, distributor, etc. | Oxford University Press, |
| Date of publication, distribution, etc. | 1998. |
| 300 ## - PHYSICAL DESCRIPTION | |
| Extent | - |
| 490 0# - SERIES STATEMENT | |
| Series statement | Oxford World's classics |
| 500 ## - GENERAL NOTE | |
| General note | Previously published: 1997. |
| 700 11 - ADDED ENTRY--PERSONAL NAME | |
| Personal name | Halliwell, Stephen. |
| 9 (RLIN) | 957 |
| 700 02 - ADDED ENTRY--PERSONAL NAME | |
| Personal name | Aristophanes. |
| Title of a work | Birds. |
| 9 (RLIN) | 958 |
| 700 02 - ADDED ENTRY--PERSONAL NAME | |
| Personal name | Aristophanes. |
| Title of a work | Lysistrata. |
| 9 (RLIN) | 959 |
| 700 02 - ADDED ENTRY--PERSONAL NAME | |
| Personal name | Aristophanes. |
| Title of a work | Assembly-women. |
| 9 (RLIN) | 960 |
| 700 02 - ADDED ENTRY--PERSONAL NAME | |
| Personal name | Aristophanes. |
| Title of a work | Wealth. |
| 9 (RLIN) | 961 |
| 942 ## - ADDED ENTRY ELEMENTS (KOHA) | |
| Source of classification or shelving scheme | Dewey Decimal Classification |
| Koha item type | Books |
| Withdrawn status | Lost status | Damaged status | Not for loan | Collection | Home library | Current library | Shelving location | Date acquired | Barcode | Date last seen | Price effective from | Koha item type |
|---|---|---|---|---|---|---|---|---|---|---|---|---|
| Reference | Fairview | Fairview | General stacks | 09/04/2014 | 39999000012439 | 09/04/2014 | 09/04/2014 | Books | ||||
| Reference | Midway | Midway | General stacks | 09/04/2014 | 39999000012415 | 09/04/2014 | 09/04/2014 | Books |